Contradictory Language Quiz Stats

 Plays Quiz Updated Aug 4, 2015

Also try: Words About Words
Challenge
Share
Tweet
Embed
Score 0/30 Timer 06:00
7 Plays Today
% Correct
Finished
86.7%
Bill
86%
Dust
85.6%
Transparent
84.7%
Strike
84.1%
Left
82.4%
Fine
82.2%
Rent
81.6%
Custom
81.5%
Fast
81.4%
Bound
80.4%
Seed
79.9%
Refrain
79.5%
Grade
77.3%
Overlook
76.9%
% Correct
Liege
76.9%
Variety
76.7%
Peer
76.2%
Model
74.5%
Oversight
74.3%
Weather
73.5%
Trim
73.3%
Screen
67.2%
Temper
66%
Ravel
65.1%
Quantum
62.3%
Buckle
59.9%
Cleave
56.4%
Enjoin
48.3%
Anabasis
37.7%

You're not logged in!

Compare scores with friends on all Sporcle quizzes.
OR
Log In

You Might Also Like...

Show Comments

Extras

Top Quizzes Today


Score Distribution

Your Account Isn't Verified!

In order to create a playlist on Sporcle, you need to verify the email address you used during registration. Go to your Sporcle Settings to finish the process.

Report this User

Report this user for behavior that violates our Community Guidelines.

Details: